000 00553nam a2200193Ia 4500
003 OSt
005 20260224153111.0
008 210210b1963 xxu||||| |||| 00| 0 eng d
040 _cAL
041 _aHindi
082 _a861/146
100 _aSEN (Naveenchandra)
_dसेन (नवीनचंद्र)
_9256636
245 _aPalasey ka yuddha
_bप्लासी का युद्ध
260 _aChirganv
_bSahity Sadan
_c1963
650 _aBattle of Plassey
_9256643
690 _aHindi Poetry
_9256642
906 _a023166
942 _2ddc
_cBK
999 _c148089
_d148089